000
00208 a2200097 4500
001
49582
100
_a
Murry
245
_a
Unprofessional essays
260
_a
London
_b
Jonathan cape
_c
090
_c
32105
_d
32105
942
_a
NUST-CAE
_c
M
_c
24565
999
_c
284655
_d
284655